000 00885nam a2200241 i 4500
001 31485
003 ES-MaACL
005 20251003164445.0
007 t|
008 030129s1965 sp ||||1| spa d
100 1 _aBaum, Gregory.
_926576
245 1 4 _aLos judíos y el evangelio /
_cGregory Baum ; traducción del inglés e introducción del Jesús Alvarez del Carmen ; con una presentación de Casimiro Morcillo.
260 _aMadrid :
_bAguilar,
_c[1965]
300 _aXXVII, 384 p. ;
_c21 cm.
490 1 _aColección Literatura
630 4 _aBiblia.
_pN.T.-
_xCrítica e interpretación
_9119291
650 4 _aCristianismo y judaísmo.
_911435
700 1 _aAlvarez del Carmen, Jesús.
_920788
700 1 _aMorcillo, Casimiro,
_d1904-1971
_983188
830 0 _aColección Literatura
_9180511
852 _aES-MaACL
_jC-28769
_bR.57987
999 _c31485
_d31485